SEMINARIUM (Record n. 205579)
[ formato base ]
| 000 -LEADER | |
|---|---|
| fixed length control field | 00541nas a2200205Ia 4500 |
| 001 - CONTROL NUMBER | |
| control field | 250/R11 |
| 003 - CONTROL NUMBER IDENTIFIER | |
| control field | IT-RoPAU |
| 008 - FIXED-LENGTH DATA ELEMENTS--GENERAL INFORMATION | |
| fixed length control field | 151202c99999999xx |||||||||||| ||und|| |
| 040 ## - CATALOGING SOURCE | |
| Original cataloging agency | IT-RoPAU |
| 040 ## - CATALOGING SOURCE | |
| Transcribing agency | IT-RoPAU |
| 100 ## - MAIN ENTRY--PERSONAL NAME | |
| Personal name | AA.VV. |
| 210 ## - ABBREVIATED TITLE | |
| Abbreviated title | SEMINARIUM |
| 222 ## - KEY TITLE | |
| Key title | SEMINARIUM |
| 245 ## - TITLE STATEMENT | |
| Title | SEMINARIUM |
| 260 ## - PUBLICATION, DISTRIBUTION, ETC. (IMPRINT) | |
| Date of publication, distribution, etc. | 1951 |
| 501 ## - WITH NOTE | |
| -- | Paulus - SPICS - Società San Paolo EM (non-commercial uses only) |
| -- | Copyright 2015 |
| 500 ## - GENERAL NOTE | |
| General note | Libreria Editrice Vaticana |
| 650 ## - SUBJECT ADDED ENTRY--TOPICAL TERM | |
| Topical term or geographic name as entry element | PASTORALE |
| Form subdivision | PUBBLICAZIONE PERIODICA |
| 942 ## - ADDED ENTRY ELEMENTS (KOHA) | |
| Koha item type | RIVISTA |
| Withdrawn status | Lost status | Damaged status | Not for loan | Home library | Current library | Date acquired | Total Checkouts | Full call number | Date last seen | Price effective from | Koha item type | Public note |
|---|---|---|---|---|---|---|---|---|---|---|---|---|
| Buone Condizioni | Not For Loan | PAULUS-BIBLIOTECA | PAULUS-BIBLIOTECA | 02/12/2015 | 250/R11 | 02/12/2015 | 02/12/2015 | RIVISTA | dal 1951 (?) al 2004 - [Scaffale: 250-7 / Piano: B4] |